000 00722nam 22002293 4500
001 199724
010 _a978-989-740-550-1
021 _aPT
_b552892/25
090 _a199724
100 _a20260106d u||y0pory50 ba
101 _apor
102 _aPT
200 _aTretas vs. Factos da Medicina Desportiva
_eMitos Sobre Saúde, Exercício e Qualidade de Vida
_fMarta Massada
205 _a
210 _aPorto
_cIdeias de Ler
_d2025
215 _a322, [2] p. : il.
_cBrochado
_d24 cm
606 _915515
_aCiências Aplicadas. Medicina
_xMedicina Desportiva
675 _a61:796/MAS/TRE
_vPT
_zpor
700 _915516
_aMassada
_bMarta
801 _aPT
_bBMMN
_gRPC
830 _cCarlos Pinto
_d06-01-2026
_fCarlos Pinto
990 _cLIVROS